Estudio y comprensión de la naturaleza 7: texto para el estudiante, sector ciencia
Сохранить в:
| Главные авторы: | , |
|---|---|
| Другие авторы: | |
| Формат: | |
| Язык: | испанский |
| Опубликовано: |
Santiago
Arrayán
2001
|
| Предметы: | |
| Метки: |
Добавить метку
Нет меток, Требуется 1-ая метка записи!
|
MARC
| LEADER | 00000nam a2200000 a 4500 | ||
|---|---|---|---|
| 001 | UCL1942 | ||
| 003 | CL-VaPUC | ||
| 008 | 030926e20010000CL |||||||||||||||||spa|d | ||
| 020 | |a 9562402894 | ||
| 082 | 0 | 4 | |a 372.357 |b FAR |2 21 |
| 100 | 0 | |a Farías Carrasco, Fresia |e author |9 478938 | |
| 700 | |a Núñez Jiménez, Sergio |e autor |9 547424 | ||
| 700 | 0 | |a Vásquez Aguilera, Manuel |e author |9 478940 | |
| 245 | 1 | 0 | |a Estudio y comprensión de la naturaleza 7: texto para el estudiante, sector ciencia |
| 300 | |a 191 p | ||
| 942 | |c BK | ||
| 945 | |d 20030926 00:00:00 |a cmena | ||
| 260 | |a Santiago |b Arrayán |c 2001 | ||
| 650 | 0 | |a Educación básica |9 224933 | |
| 650 | 0 | |a Educación científica |9 307484 | |
| 650 | 0 | |a Métodos de enseñanza |9 270413 | |
| 650 | 0 | |a Libros de texto |9 270019 | |
| 583 | |a last modification |c 20150417 16:47:31 |k Rodrigo Vera | ||
| 999 | |c 305375 |d 305373 | ||
| 952 | |0 0 |1 0 |4 0 |6 372_357000000000000_FAR_2001 |7 0 |8 P |9 369009 |a BIBEDU |b BIBEDU |d 2019-11-21 |i 3946703 |o 372.357 FAR 2001 |p 3946703 |r 2019-11-21 |w 2019-11-21 |y BK |k EBA | ||
| 952 | |0 0 |1 0 |4 0 |6 372_357000000000000_FAR_2001 |7 0 |8 P |9 369010 |a BIBEDU |b BIBEDU |d 2019-11-21 |i 394672K |o 372.357 FAR 2001 |p 394672K |r 2019-11-21 |w 2019-11-21 |y BK |k EBA | ||
| 952 | |0 0 |1 0 |4 0 |6 372_357000000000000_FAR_2001 |7 0 |8 P |9 369011 |a BIBEDU |b BIBEDU |c BIBEDU_PB |d 2019-11-21 |i 3946746 |o 372.357 FAR 2001 |p 3946746 |r 2024-01-25 |w 2019-11-21 |y BK |k EBA | ||
| 952 | |0 0 |1 0 |4 0 |6 372_357000000000000_FAR_2001 |7 0 |8 P |9 369012 |a BIBEDU |b BIBEDU |d 2019-11-21 |i 3946754 |o 372.357 FAR 2001 |p 3946754 |r 2019-11-21 |w 2019-11-21 |y BK |k EBA | ||
| 952 | |0 0 |1 0 |4 0 |6 372_357000000000000_FAR_2001 |7 0 |8 P |9 369013 |a BIBEDU |b BIBEDU |c BIBEDU_PB |d 2019-11-21 |i 3946762 |o 372.357 FAR 2001 |p 3946762 |r 2024-01-25 |w 2019-11-21 |y BK |k EBA | ||